000 01073nam a22002777a 4500
999 _c1222
_d1222
003 AR-CdUCM
008 190226b ||||| |||| 00| 0 spa d
040 _aMUNICIPALIDAD PROVINCIAL DEL CUSCO
_cBIBLIOTECA MUNICIPAL DEL CUSCO
082 _a378 /
_bW49
100 _aWetherford, Willis D.
_94767
245 _aFines de la educación superior /
260 _aMexico :
_bUnión Tipográfica edit. Hispano Americana;
_c1963.
300 _a145 paginas ;
_c18 cm.
505 _aEl individualismo y la tradición liberal -- El concepto de la educación liberal -- Lo singular en los estudiantes -- Fomento de la cooperación de la comunidad -- Que debe estudiar en la universidad ...
650 _aEducación superior
_92963
650 _aEnsayos, conferencias,
_91255
650 _aTradicion
_92335
700 _aTaylor, Harold
_94768
700 _aKlein, Jacob
_94769
700 _aSullivan, Richard
_94770
700 _aAllport, Gordon
_94771
700 _aBlanshard, Brand
_94772
700 _aMorgan, Arthur
_94773
942 _2ddc
_cLIBROS
945 _arum
_d2019-02-26